000 00793nam a2200253Ia 4500
003 OSt
005 20221005085046.0
006 a|||||r|||| 00| 0
007 ta
008 221004b |||||||| |||| 00| 0 eng d
020 _a0231139306 (hbk)
_c993.72
024 _a89902
037 _b2996, 12/03/2008, Bharat Scientific Syndicate
_cTextual
040 _aCRL
_cCRL
_beng
041 _2eng
_aeng
082 _aY73:47.1, P6
100 _aRupp George
245 0 _aGlobalization challenged
_b conviction, conflict, community
260 _aNew York
_bColumbia University Press U.S.A
_c2006
300 _axi, 114p.
_ccm.
650 _aSOCIOLOGY
942 _hY73:47.1, P6
_cTEXL
_2cc
999 _c993595
_d993595